La tierra y la fauna de africa /

Guardado en:
Autor Principal: Carr, Archie
Formato: Libro
Publicado: México : Life, 1966
Series:Colec.nat.de Life en espa¤ol
Materias:
Etiquetas: Agregar Etiqueta
Sin Etiquetas, Sea el primero en etiquetar este registro!
LEADER 00485nam a22001695a 4500
001 CEM.cems001441
005 20060215000000.0
008 130507s1966##################000#0#####d
003 CEMS
082 0 4 |a 916 
100 1 |a Carr, Archie 
245 1 0 |a La tierra y la fauna de africa /  |c Archie Carr 
260 |a México :  |b Life,  |c 1966 
300 |a 200 p. 
490 0 |a Colec.nat.de Life en espa¤ol 
653 |a Geografia / africa / fauna 
859 |a CEMS  |b BIB. CEMS - 11 de abril  |h 916  |i C11  |p 2717.74  |t Ej.1